000 00906nam a22002297a 4500
005 20260313110903.0
008 260313b |||||||| |||| 00| 0 eng d
050 _aTHE HD4904.25
_b.M83 2024
100 _aMudave, Mary Nekesa
245 _aSocio-economic determinants associated with work-family conflict among nurses and implications on community well-being in the Nairobi metropolitan area, Kenya /
260 _aLimuru, Kenya:
_bSt. Paul's University,
_c2024.
300 _ax, 260 p.;
_c30cm.
500 _aIncludes bibliographical references
650 _aNurses
_xWork-life balance
_zKenya.
650 _aWork and family
_zKenya
650 _aCommunity health services
_zKenya.
650 _aNursing
_xSocial aspects
_zKenya.
700 _aMuasya, Gladys
_eDr.
700 _aWagoro, Miriam C. A.
_eProf.
856 _uhttps://repository.spu.ac.ke/xmlui/handle/123456789/6787
942 _2lcc
_cTHES
999 _c60261
_d60261